| 000 | 00337nam a2200109Ia 4500 | ||
|---|---|---|---|
| 008 | 230907s9999||||xx |||||||||||||| ||und|| | ||
| 082 |
_a697.9316 _bASH |
||
| 245 | 0 | _aASHRAE design guide for dedicated outdoor air systems / | |
| 300 | _axi, 139 pages : | ||
| 650 |
_aHandbooks, manuals, etc. Handbooks, manuals, etc. _9115697 |
||
| 942 | _cBK | ||
| 999 |
_c599497 _d599497 |
||